Senarai istilah sains pertanian : Bahasa Inggeris - Bahasa Malaysia

Bibliographic Details
Corporate Author: Dewan Bahasa dan Pustaka
Format: Book
Published: Kuala Lumpur Dewan Bahasa dan Pustaka , 1981
Subjects:

MARC

LEADER 00000cam a2200000 7i4500
001 0000007239
005 20050422.0
040 |a INS 
090 0 0 |a Q123.   |b S44 1981 
245 1 0 |a Senarai istilah sains pertanian :   |b Bahasa Inggeris - Bahasa Malaysia 
260 |a Kuala Lumpur Dewan Bahasa dan Pustaka ,   |c 1981 
300 |a xi, 37 ms. ;   |c 21 cm. 
650 0 0 |a Agriculture   |x Terminology 
710 2 |a Dewan Bahasa dan Pustaka 
999 |a 0000003196   |b BOOK   |c Reference   |e Default branch 
999 |a 0000004068   |b BOOK   |c Reference   |e Default branch